00792 2200241 4500001002100000005001700021008004100038020001800079035002400097090001500121110007600136245015300212250001100365260004100376300002600417500002800443650001900471850001300490980001300503985000600516986001300522999001500535YOGYA-0209000001712620090227022726.0 ind  a979-416-113-9 0010-020900000017126 a600bRed B aREDAKTION NATUR WISSENSCHAFT UND TECHNIK DES BIBLIOGRPHISCHEN INSTITUTS aBagaimana cara bekerjanya?balat teknik modern dalam kehidupan sehari-haricRedaktion Natur Wissenschaft Und Technik Des Bibliographischen Instituts aCet. 1 aJakartabPustaka Sinar Harapanc1991 a... bukubilusc21 cm aYang diterima : Buku II aTeknik mekanis aYOPDYOGB a30-12-05 a1 afwhrtrev a93P0037570